| 000 | 00501nam a2200193Ia 4500 | ||
|---|---|---|---|
| 005 | 20250130005653.0 | ||
| 008 | 240331s9999 xx 000 0 und d | ||
| 082 |
_bSWA _21524 _a304.2 |
||
| 100 | _aSwan, B | ||
| 245 | 0 |
_aSri Lankan Mosaic: _bEnvironment, Man, Continuity and Change |
|
| 260 |
_aColombo _bMarga Institute _c1987 |
||
| 300 | _a435, xxxvi p., | ||
| 650 | _aEnvironment | ||
| 650 | _aHistory | ||
| 650 | _aCulture | ||
| 650 | _aEconomic Development | ||
| 650 | _aTourism | ||
| 942 | _cL | ||
| 999 |
_c1463 _d1463 |
||